Introduction to ANSYS for release 5.4 (Record no. 268948)

000 -LEADER
fixed length control field 00320 a2200133 4500
001 - CONTROL NUMBER
control field 33875
082 ## - DEWEY DECIMAL CLASSIFICATION NUMBER
Classification number 005.15135ANS
090 ## - LOCALLY ASSIGNED LC-TYPE CALL NUMBER (OCLC); LOCAL CALL NUMBER (RLIN)
-- 22502
-- 22502
100 ## - MAIN ENTRY--PERSONAL NAME
Personal name ANSYS
245 ## - TITLE STATEMENT
Title Introduction to ANSYS for release 5.4
260 ## - PUBLICATION, DISTRIBUTION, ETC.
Place of publication, distribution, etc. [n p]
Name of publisher, distributor, etc. ANSYS
Date of publication, distribution, etc. 1997
300 ## - PHYSICAL DESCRIPTION
Extent various pages
500 ## - GENERAL NOTE
General note MS textbook Aerosapce
942 ## - ADDED ENTRY ELEMENTS (KOHA)
Institution code [OBSOLETE] NUST-CAE
Call number prefix 005.15135ANS
Holdings
Withdrawn status Lost status Damaged status Not for loan Collection code Permanent Location Current Location Date acquired Total Checkouts Full call number Barcode Date last seen Price effective from Koha item type
          College of Aeronautical Engineering (CAE) College of Aeronautical Engineering (CAE) 04/03/2017   005.15135ANS CAE74830 04/05/2017 04/05/2017 Book
          College of Aeronautical Engineering (CAE) College of Aeronautical Engineering (CAE) 04/03/2017   005.15135ANS CAE74832 04/05/2017 04/05/2017 Book
          College of Aeronautical Engineering (CAE) College of Aeronautical Engineering (CAE) 04/03/2017   005.15135ANS CAE74831 04/05/2017 04/05/2017 Book
© 2023 Central Library, National University of Sciences and Technology. All Rights Reserved.